| 000 | 03633cam a2200361 i 4500 | ||
|---|---|---|---|
| 001 | 124958 | ||
| 005 | 20230410103923.0 | ||
| 008 | 121018s2013 couab b 001 0 eng | ||
| 035 | _a17499436 | ||
| 925 | 0 |
_aacquire _b2 shelf copies _xpolicy default _zPlease assign Copy 2 to r-NrEastRe (AG) |
|
| 942 |
_2lcc _cbk |
||
| 010 | _a 2012041231 | ||
| 020 | _a9780813348339 (pbk. : alk. paper) | ||
| 020 | _z9780813348346 (e-book) | ||
| 040 |
_aDLC _beng _cDLC _erda |
||
| 041 | _aeng | ||
| 042 | _apcc | ||
| 043 | _aaw----- | ||
| 050 | 1 | 4 |
_a439 DS 62.4 _bC635h 2013 |
| 082 | 0 | 0 | _a956 |
| 100 | 1 | _aCleveland, William L. | |
| 245 | 1 | 2 |
_aA history of the modern Middle East / _cWilliam L. Cleveland, Martin Bunton. |
| 250 | _a5th ed. | ||
| 260 |
_aBoulder, CO : _bWestview Press, a member of the Perseus Books Group, _c[2013] |
||
| 300 |
_axix, 580 p. : _bill., maps ; _c23 cm |
||
| 504 | _aIncludes bibliographical references (pages 545-567) and index. | ||
| 505 | _aList of illustrations -- Preface to the fifth edition -- Acknowledgments -- A note about place names and transliteration -- Part one. The development of Islamic civilization to the eighteenth century: Preface; 1. The rise and expansion of Islam; 2. The development of Islamic civilization to the fifteenth century; 3. The Ottoman and Safavid empires: a new imperial synthesis -- Part two. The beginnings of the era of transformation: Preface; 4. Forging a new synthesis: the pattern of reforms, 1789-1849; 5. The Ottoman Empire and Egypt during the era of the Tanzimat; 6. Egypt and Iran in the late nineteenth century; 7. The response of Islamic society; 8. The era of the young Turks and the Iranian constitutionalists; 9. World War I and the end of the Ottoman Order -- Part three. The struggle for independence: the interwar era to the end of World War II: Preface; 10. Authoritarian reform in Turkey and Iran; 11. The Arab struggle for independence: Egypt, Iraq, and Transjordan from the Interwar Era to 1945; 12. The Arab struggle for independence: Syria, Lebanon, and Saudi Arabia from the Interwar Era to 1945; 13. The Palestine Mandate and the birth of the state of Israel. Part four. The independent Middle East from the end of World War II to the 1970s: Preface; 14. Democracy and authoritarianism: Turkey and Iran; 15. The Middle East in the Age of Nasser: the Egyptian base; 16. The Middle East in the Age of Nasser: the radicalization of Arab politics; 17. Israel and the Palestinians from 1948 to the 1970s -- Part five. The resurgence of Islam: the Middle East from the 1970s to the 1991 Gulf War: Preface; 18. The Iranian Revolution and the revival of Islam; 19. Changing patterns of war and peace: Egypt and Lebanon in the 1970s and 1980s; 20. The Arabian Peninsula in the petroleum era; 21. The consolidation of authoritarian rule in Syria and Iraq: The regimes of Hafiz al-Asad and Saddam Husayn -- Part six. Challenges to the existing order: the Middle East in the 1990s and 2000s: Preface; 22. The Palestinian Intifada and the 1991 Gulf War; 23. A peace so near, a peace so far: Palestinian-Israeli relations since the 1991 Gulf War; 24. Patterns of continuity and change in Turkey, Iran, and Lebanon; 25. America's troubled moment in the Middle East; 26. The 2011 Arab uprisings -- Glossary -- Select bibliography. | ||
| 520 | _aThis definitive history of the modern Middle East includes significant new material covering major transformative developments over the past four years. | ||
| 651 | 0 |
_aMiddle East _xHistory _y1517- |
|
| 650 | 4 |
_aMedio oriente _xHistoria _y1517 |
|
| 700 | 1 | _aBunton, Martin P. | |
| 946 | _adpf | ||
| 999 |
_c28466 _d28466 |
||